Flags Of Countries With Six Letters - Statistics

General Stats
  • This quiz has been taken 56 times
  • The average score is 24 of 32
Answer Stats
Picture Answer % Correct
Greece
88%
Canada
86%
Cyprus
86%
France
86%
Mexico
86%
Norway
86%
Sweden
86%
Turkey
86%
Brazil
83%
Israel
83%
Poland
83%
Russia
83%
Serbia
83%
Bhutan
81%
Angola
79%
Taiwan
79%
Kosovo
76%
Panama
76%
Uganda
76%
Brunei
71%
Latvia
71%
Kuwait
69%
Monaco
69%
Jordan
67%
Malawi
64%
Tuvalu
64%
Belize
62%
Zambia
62%
Guyana
57%
Rwanda
57%
Gambia
55%
Guinea
52%
No matching quizzes found
Score Distribution
Percent of People with Each Score
Percentile by Number Answered
Your Score History
You have not taken this quiz